Diagnóstico de los Internos de la Fortaleza Palo Hincado, Cotuí / (Registro nro. 23438)

Detalles MARC
000 -LEADER
fixed length control field 01274nam a22002897a 4500
003 - CONTROL NUMBER IDENTIFIER
control field DO-CoUTE
005 - DATE AND TIME OF LATEST TRANSACTION
control field 20240311104615.0
008 - FIXED-LENGTH DATA ELEMENTS--GENERAL INFORMATION
fixed length control field 240311b dr ||||| |||| 00| 0 spa d
040 ## - CATALOGING SOURCE
Original cataloging agency DO-CoUTE
Language of cataloging spa
Transcribing agency DO-CoUTE
041 ## - LANGUAGE CODE
Language code of text/sound track or separate title spa
090 ## - LOCALLY ASSIGNED LC-TYPE CALL NUMBER (OCLC); LOCAL CALL NUMBER (RLIN)
Classification number (OCLC) (R) ; Classification number, CALL (RLIN) (NR) DER 2023 D41
100 1# - MAIN ENTRY--PERSONAL NAME
Personal name Diaz Cimas, Martina
Relator term sustentante
245 10 - TITLE STATEMENT
Title Diagnóstico de los Internos de la Fortaleza Palo Hincado, Cotuí /
Statement of responsibility, etc. Martina Díaz Cimes, Cresencio Viloria Durán, Argenis Vásquez Sánchez ; asesor Ramón Emilio Peña asesor María Marte Ferreira
260 ## - PUBLICATION, DISTRIBUTION, ETC.
Place of publication, distribution, etc. Cotuí, República Dominicana :
Name of publisher, distributor, etc. UTECO,
Date of publication, distribution, etc. 2023
300 ## - PHYSICAL DESCRIPTION
Extent xvii, 89 hojas :
Dimensions 23x29cm
Accompanying material + 1 CD-ROM
502 ## - DISSERTATION NOTE
Dissertation note Trabajo de Grado (Licenciatura en Derecho) Universidad Tecnológica del Cibao Oriental, 2023.
504 ## - BIBLIOGRAPHY, ETC. NOTE
Bibliography, etc. note Incluye referencia bibliográfica e índice.
650 #4 - SUBJECT ADDED ENTRY--TOPICAL TERM
Source of heading or term Sistemas Judiciales
700 1# - ADDED ENTRY--PERSONAL NAME
Personal name Martina Díaz Cimes
Relator term sustentante
700 1# - ADDED ENTRY--PERSONAL NAME
Personal name Cresencio Viloria Durán
Relator term sustentante
700 1# - ADDED ENTRY--PERSONAL NAME
Personal name Argenis Vásquez Sánchez
Relator term sustentante
700 1# - ADDED ENTRY--PERSONAL NAME
Personal name Ramón Emilio Peña
Relator term asesor
700 1# - ADDED ENTRY--PERSONAL NAME
Personal name María Marte Ferreira
Relator term asesor
830 ## - SERIES ADDED ENTRY--UNIFORM TITLE
Uniform title Tesis y disertaciones académicas (Universidad Tecnológica del Cibao Oriental)
856 ## - ELECTRONIC LOCATION AND ACCESS
Link text Haga Click Aquí para Descargar en Texto Completo
942 ## - ADDED ENTRY ELEMENTS (KOHA)
Source of classification or shelving scheme Dewey Decimal Classification
Koha item type Tesis
Existencias
Withdrawn status Lost status Source of classification or shelving scheme Damaged status Not for loan Collection code Home library Current library Shelving location Date acquired Inventory number Total Checkouts Full call number Barcode Date last seen Copy number Price effective from Koha item type
    Dewey Decimal Classification     e-Tesis (en CD) Biblioteca UTECO Biblioteca UTECO En Estantería 03/11/2024 23438   DER 2023 D41 23438 03/11/2024 Ej.1 03/11/2024 Tesis
© 2021 Derechos Reservados UTECO - Teléfono: +1 809-585-2291 - Correo electrónico: biblioteca@uteco.edu.do​  
Código postal 43000 ​​
Dirección: Avenida Universitaria No. 100, 
Cotuí, Provincia Sánchez Ramírez, República Dominicana - RNC: 404-00059-6